Caetana says no : women's stories from a Brazilian slave society
Αποθηκεύτηκε σε:
| Κύριος συγγραφέας: | |
|---|---|
| Μορφή: | Βιβλίο |
| Γλώσσα: | English |
| Δημοσίευση: |
Cambridge :
Cambridge University Press,
2002
|
| Σειρά: | New approaches to the Americas
|
| Θέματα: | |
| Ετικέτες: |
Προσθήκη ετικέτας
Δεν υπάρχουν, Καταχωρήστε ετικέτα πρώτοι!
|
MARC
| LEADER | 00000nam a2200000 i 4500 | ||
|---|---|---|---|
| 001 | 1/78146 | ||
| 008 | 080320s2002 eng d | ||
| 020 | |a 0-521-81532-0 | ||
| 035 | |l 10095659 | ||
| 040 | |a GR-MY-UA |b gre |e aacr | ||
| 041 | 0 | |a eng | |
| 082 | 0 | |a 305.489625 |2 (22) | |
| 100 | 1 | |a Lauderdale Graham, Sandra |d 1943- | |
| 245 | 1 | 0 | |a Caetana says no : |b women's stories from a Brazilian slave society / |c Sandra Lauderdale Graham |
| 260 | |a Cambridge : |b Cambridge University Press, |c 2002 | ||
| 300 | |a 183 σ.; |b εικ.; |c 24 εκ. | ||
| 490 | 1 | |a New approaches to the Americas | |
| 504 | |a Βιβλιογραφία: σ. 170-177 | ||
| 504 | |a Ευρετήριο: σ. 178-183 | ||
| 650 | 0 | 0 | |a Slavery |x Social aspects |z Brazil |y 19th century |x History. |
| 650 | 0 | 0 | |a Women |z Brazil |z Paraba do Sul River Valley |x Social conditions |y 19th century. |
| 650 | 0 | 0 | |a Man-woman relationships |z Brazil |x History |z Paraba do Sul River Valley |y 19th century. |
| 830 | 0 | |a New approaches to the Americas | |
| 852 | |a INST |b LESVOS |e 20080320 |h 305.489625 LAU |p 005100040563 |q 005100040563 |t BK |y 0 | ||
| 901 | |a BIBL1-2008-1 | ||
| 909 | |a Λ |b 144129 | ||
| 922 | |a 1ΕΛΗ |b 200801 |c ΕΠΕΑΕΚ2/ΤΚΑ |d ΠΑΠΑΣΩΤΗΡΙΟΥ | ||
| 970 | |a ΧΑΤΖΗΜΙΧΑΗΛ |b ΜΑΡΙΑ |z 2008/03/20 | ||